Statystyki dla wszystkie państw bez herbów i gwiazd na fladze

Kliknij tutaj aby rozwiązać quiz!

Ogólne statystyki

  • Ten quiz został rozwiązany 45 razy
    (5 od ostatniego zresetowania)
  • Średni wynik to 25 z 63

Statystyki odpowiedzi

kontynentykraje% Poprawnych
europapolska
100%
azja/europarosja
100%
europaaustria
67%
europabelgia
67%
europabułgaria
67%
europafrancja
67%
europaholandia
67%
europairlandia
67%
azjajaponia
67%
azjajemen
67%
europalitwa
67%
europałotwa
67%
europaniemcy
67%
europaukraina
67%
europawęgry
67%
azjaarmenia
33%
ameryka północna i środkowabahamy
33%
azjabahrajn
33%
azjabangladesz
33%
afrykabenin
33%
afrykaczad
33%
europaczechy
33%
europadania
33%
europaestonia
33%
europafinlandia
33%
afrykagabon
33%
afrykagambia
33%
europagrecja
33%
ameryka południowagujana
33%
afrykagwinea
33%
azjaindonezja
33%
europaislandia
33%
azjakatar
33%
oceaniakiribati
33%
ameryka południowakolumbia
33%
afrykakongo
33%
azjakuwejt
33%
azjalaos
33%
europaluksemburg
33%
afrykamadagaskar
33%
afrykamali
33%
afrykamauritius
33%
europamonako
33%
europanorwegia
33%
oceaniapalau
33%
afrykarepublika południowej afryki
33%
europarumunia
33%
ameryka północna i środkowasaint lucia
33%
ameryka północna i środkowasaint vincent i grenadyny
33%
afrykaseszele
33%
afrykasudan
33%
europaszwajcaria
33%
europaszwecja
33%
azjatajlandia
33%
ameryka północna i środkowatrynidad i tobago
33%
oceaniavanuatu
33%
europawielka brytania
33%
europawłochy
33%
afrykabotswana
0%
afrykaniger
0%
afrykanigeria
0%
afrykatanzania
0%
azjazjednoczone emiraty arabskie
0%

Rozkład punktacji

Percentyl według liczby udzielonych odpowiedzi

Procent ludzi z każdym wynikiem

Twoja historia wyników

Nie rozwiązałeś tego quizu od ostatniego zresetowania